As you like it/ (Record no. 167811)

MARC details
000 -LEADER
fixed length control field 00606nam a22001937a 4500
005 - DATE AND TIME OF LATEST TRANSACTION
control field 20190919152010.0
010 ## - LCCN (DPL NO)
LC control number B-221391
020 ## - INTERNATIONAL STANDARD BOOK NUMBER
International Standard Book Number 9788184080360
035 ## - SYSTEM CONTROL NUMBER
System control number B-221391
037 ## - SOURCE OF ACQUISITION
Source of stock number/acquisition Standard Literature
082 ## - DEWEY DECIMAL CLASSIFICATION NUMBER
Classification number S
Item number SHA
100 ## - MAIN ENTRY--PERSONAL NAME
Personal name Shakespeare,William
245 ## - TITLE STATEMENT
Title As you like it/
Statement of responsibility, etc William Shakespeare,
260 ## - PUBLICATION, DISTRIBUTION, ETC. (IMPRINT)
Place of publication, distribution, etc Noida(U.P)
Name of publisher, distributor, etc Standard Literature
Date of publication, distribution, etc 2006
270 ## - ADDRESS
Address Saurabh printers pvt. A-16, Sector-4, Noida(UP)
300 ## - PHYSICAL DESCRIPTION
Extent viii,151p.
Dimensions 20.c.m.(hb)
942 ## - ADDED ENTRY ELEMENTS (KOHA)
Source of classification or shelving scheme Dewey Decimal Classification
Item type English Books
Classification part S
Call number suffix SHA
Holdings
Withdrawn status Lost status Not for loan Collection code Home library Current library Date acquired Full call number Barcode Koha item type
      Non-fiction R.C.Libraries (zls) R.C.Libraries (zls) 19/09/2019 S SHA B-221391 English Books

© Delhi Public Library
Hit Counter
free hit counter